[Event "ODJM A 2025"]
[Site "Willingen GER"]
[Date "2025.06.10"]
[Round "4"]
[White "Schulz, Dennis"]
[Black "Paeslack, Luis"]
[Result "0-1"]
[Termination "normal"]
[Board "27"]
[WhiteElo "1894"]
[BlackElo "2091"]
[WhiteClock "00:52:22"]
[BlackClock "00:01:20"]
[PlyCount "76"]
[WhiteFideId "16241231"]
[BlackFideId "12987760"]
[EventCountry "GER"]
[EventRounds "9"]
[EventType "swiss"]
[EventDate "2025.06.07"]

1. d4 {[%clk 01:30:57]} {[%emt 00:00:02]} Nf6 {[%clk 01:30:47]} {[%emt
00:00:14]} 2. Nf3 {[%clk 01:31:24]} {[%emt 00:00:03]} d5 {[%clk 01:27:31]}
{[%emt 00:03:45]} 3. c4 {[%clk 01:31:53]} {[%emt 00:00:01]} e6 {[%clk
01:26:31]} {[%emt 00:01:29]} 4. g3 {[%clk 01:32:22]} {[%emt 00:00:02]} Bb4+
{[%clk 01:26:11]} {[%emt 00:00:50]} 5. Bd2 {[%clk 01:32:51]} {[%emt 00:00:01]}
Be7 {[%clk 01:25:49]} {[%emt 00:00:51]} 6. Bg2 {[%clk 01:32:56]} {[%emt
00:00:26]} O-O {[%clk 01:24:17]} {[%emt 00:02:01]} 7. Qc2 {[%clk 01:32:41]}
{[%emt 00:00:46]} c6 {[%clk 01:20:01]} {[%emt 00:04:46]} 8. O-O {[%clk
01:33:07]} {[%emt 00:00:04]} Nbd7 {[%clk 01:16:20]} {[%emt 00:04:11]} 9. Bf4
{[%clk 01:32:56]} {[%emt 00:00:41]} Nh5 {[%clk 00:59:36]} {[%emt 00:17:13]} 10.
Bc1 {[%clk 01:33:25]} {[%emt 00:00:02]} Nhf6 {[%clk 00:52:58]} {[%emt
00:07:08]} 11. Bf4 {[%clk 01:33:48]} {[%emt 00:00:06]} Nh5 {[%clk 00:46:00]}
{[%emt 00:07:29]} 12. Bc1 {[%clk 01:34:17]} {[%emt 00:00:02]} Nhf6 {[%clk
00:46:16]} {[%emt 00:00:14]} 13. Nbd2 {[%clk 01:34:42]} {[%emt 00:00:04]} b6
{[%clk 00:45:04]} {[%emt 00:01:42]} 14. e4 {[%clk 01:34:16]} {[%emt 00:00:57]}
dxe4 {[%clk 00:40:28]} {[%emt 00:05:06]} 15. Nxe4 {[%clk 01:34:11]} {[%emt
00:00:35]} Bb7 {[%clk 00:39:35]} {[%emt 00:01:22]} 16. Rd1 {[%clk 01:25:25]}
{[%emt 00:09:15]} Nxe4 {[%clk 00:32:38]} {[%emt 00:07:28]} 17. Qxe4 {[%clk
01:25:52]} {[%emt 00:00:01]} Nf6 {[%clk 00:31:42]} {[%emt 00:01:28]} 18. Qe2
{[%clk 01:26:21]} Qc7 {[%clk 00:25:29]} {[%emt 00:06:44]} 19. Bf4 {[%clk
01:10:32]} {[%emt 00:16:19]} Bd6 {[%clk 00:24:22]} {[%emt 00:01:37]} 20. Be5
{[%clk 01:09:49]} {[%emt 00:01:13]} Nd7 {[%clk 00:13:51]} {[%emt 00:11:01]} 21.
Bxd6 {[%clk 01:06:43]} {[%emt 00:03:36]} Qxd6 {[%clk 00:14:17]} {[%emt
00:00:04]} 22. c5 {[%clk 01:06:58]} {[%emt 00:00:15]} Qc7 {[%clk 00:12:53]}
{[%emt 00:01:54]} 23. b4 {[%clk 01:06:52]} {[%emt 00:00:36]} Nf6 {[%clk
00:12:42]} {[%emt 00:00:41]} 24. Qe5 {[%clk 01:04:07]} {[%emt 00:03:15]} Qe7
{[%clk 00:10:34]} {[%emt 00:02:37]} 25. Nd2 {[%clk 00:59:47]} {[%emt 00:04:50]}
Nd5 {[%clk 00:09:43]} {[%emt 00:01:22]} 26. a3 {[%clk 01:00:16]} {[%emt
00:00:01]} a5 {[%clk 00:03:36]} {[%emt 00:06:36]} 27. Bxd5 {[%clk 00:57:07]}
{[%emt 00:03:40]} cxd5 {[%clk 00:04:01]} {[%emt 00:00:05]} 28. Nb3 {[%clk
00:57:07]} {[%emt 00:00:31]} a4 {[%clk 00:01:27]} {[%emt 00:03:03]} 29. Nd2
{[%clk 00:57:08]} {[%emt 00:00:29]} b5 {[%clk 00:01:11]} {[%emt 00:00:46]} 30.
Re1 {[%clk 00:56:35]} {[%emt 00:01:03]} Rae8 {[%clk 00:01:07]} {[%emt
00:00:34]} 31. f4 {[%clk 00:56:16]} {[%emt 00:00:49]} Qf6 {[%clk 00:00:38]}
{[%emt 00:00:59]} 32. Qe3 {[%clk 00:55:35]} {[%emt 00:01:10]} Qg6 {[%clk
00:00:43]} {[%emt 00:00:26]} 33. Nf3 {[%clk 00:55:33]} {[%emt 00:00:32]} f6
{[%clk 00:00:57]} {[%emt 00:00:16]} 34. Rac1 {[%clk 00:55:20]} {[%emt
00:00:42]} Bc6 {[%clk 00:01:17]} {[%emt 00:00:10]} 35. Re2 {[%clk 00:55:08]}
{[%emt 00:00:43]} Re7 {[%clk 00:01:10]} {[%emt 00:00:37]} 36. Rce1 {[%clk
00:54:44]} {[%emt 00:00:54]} Rfe8 {[%clk 00:01:11]} {[%emt 00:00:29]} 37. Qc3
{[%clk 00:53:32]} {[%emt 00:01:42]} Qg4 {[%clk 00:00:59]} {[%emt 00:00:42]} 38.
Qc2 {[%clk 00:52:22]} {[%emt 00:01:41]} Qxf3 {[%clk 00:01:20]} {[%emt
00:00:09]} 0-1

[Event "ODJM A 2025"]
[Site "Willingen GER"]
[Date "2025.06.10"]
[Round "4"]
[White "Grunert, Wilhelm"]
[Black "Nguyen, Phuc Nhat"]
[Result "0-1"]
[Termination "normal"]
[Board "28"]
[WhiteElo "1892"]
[BlackElo "1974"]
[WhiteClock "00:27:48"]
[BlackClock "00:48:05"]
[PlyCount "90"]
[WhiteFideId "12995673"]
[BlackFideId "16253590"]
[EventCountry "GER"]
[EventRounds "9"]
[EventType "swiss"]
[EventDate "2025.06.07"]

1. e4 {[%clk 01:30:58]} {[%emt 00:00:03]} e5 {[%clk 01:30:48]} {[%emt
00:00:10]} 2. Nf3 {[%clk 01:31:22]} {[%emt 00:00:05]} Nc6 {[%clk 01:31:13]}
{[%emt 00:00:05]} 3. Bb5 {[%clk 01:31:43]} {[%emt 00:00:10]} a6 {[%clk
01:31:37]} {[%emt 00:00:06]} 4. Ba4 {[%clk 01:32:06]} {[%emt 00:00:05]} Nf6
{[%clk 01:32:02]} {[%emt 00:00:06]} 5. O-O {[%clk 01:32:18]} {[%emt 00:00:17]}
b5 {[%clk 01:32:29]} {[%emt 00:00:04]} 6. Bb3 {[%clk 01:32:37]} {[%emt
00:00:11]} Bc5 {[%clk 01:32:54]} {[%emt 00:00:05]} 7. c3 {[%clk 01:32:49]}
{[%emt 00:00:18]} d6 {[%clk 01:33:14]} {[%emt 00:00:10]} 8. a4 {[%clk
01:32:26]} {[%emt 00:00:53]} Rb8 {[%clk 01:33:38]} {[%emt 00:00:06]} 9. d4
{[%clk 01:32:32]} {[%emt 00:00:25]} Bb6 {[%clk 01:34:03]} {[%emt 00:00:05]} 10.
axb5 {[%clk 01:32:41]} {[%emt 00:00:21]} axb5 {[%clk 01:34:28]} {[%emt
00:00:05]} 11. Na3 {[%clk 01:32:34]} {[%emt 00:00:37]} O-O {[%clk 01:34:50]}
{[%emt 00:00:08]} 12. Nxb5 {[%clk 01:32:50]} {[%emt 00:00:14]} Bg4 {[%clk
01:35:14]} {[%emt 00:00:05]} 13. Bc2 {[%clk 01:32:03]} {[%emt 00:01:16]} Bxf3
{[%clk 01:31:19]} {[%emt 00:04:26]} 14. gxf3 {[%clk 01:32:17]} {[%emt
00:00:16]} Qd7 {[%clk 01:16:51]} {[%emt 00:14:59]} 15. Ba4 {[%clk 01:05:16]}
{[%emt 00:27:31]} Qh3 {[%clk 01:14:01]} {[%emt 00:03:19]} 16. Nxc7 {[%clk
00:51:19]} {[%emt 00:14:26]} Nxd4 {[%clk 01:12:58]} {[%emt 00:01:34]} 17. cxd4
{[%clk 00:51:30]} {[%emt 00:00:19]} Bxc7 {[%clk 01:13:18]} {[%emt 00:00:10]}
18. d5 {[%clk 00:41:29]} {[%emt 00:10:31]} Nh5 {[%clk 01:10:37]} {[%emt
00:03:11]} 19. Kh1 {[%clk 00:37:47]} {[%emt 00:04:12]} f5 {[%clk 01:08:53]}
{[%emt 00:02:14]} 20. Bd7 {[%clk 00:37:10]} {[%emt 00:01:07]} g6 {[%clk
01:08:13]} {[%emt 00:01:10]} 21. Rg1 {[%clk 00:31:20]} {[%emt 00:06:20]} Kh8
{[%clk 01:05:52]} {[%emt 00:02:51]} 22. Ra3 {[%clk 00:24:34]} {[%emt 00:07:16]}
Ra8 {[%clk 01:00:54]} {[%emt 00:05:27]} 23. Qf1 {[%clk 00:18:44]} {[%emt
00:06:20]} Qxf1 {[%clk 00:59:15]} {[%emt 00:02:10]} 24. Rxf1 {[%clk 00:19:09]}
{[%emt 00:00:06]} f4 {[%clk 00:55:59]} {[%emt 00:03:46]} 25. Bc6 {[%clk
00:17:26]} {[%emt 00:02:12]} Rab8 {[%clk 00:55:51]} {[%emt 00:00:37]} 26. b3
{[%clk 00:15:16]} {[%emt 00:02:41]} Bb6 {[%clk 00:55:26]} {[%emt 00:00:55]} 27.
b4 {[%clk 00:14:58]} {[%emt 00:00:47]} Nf6 {[%clk 00:52:53]} {[%emt 00:03:04]}
28. b5 {[%clk 00:13:55]} {[%emt 00:01:33]} g5 {[%clk 00:43:40]} {[%emt
00:09:43]} 29. Bd2 {[%clk 00:13:01]} {[%emt 00:01:24]} g4 {[%clk 00:40:34]}
{[%emt 00:03:36]} 30. Kg2 {[%clk 00:12:08]} {[%emt 00:01:23]} Rg8 {[%clk
00:39:21]} {[%emt 00:01:43]} 31. Ba5 {[%clk 00:10:31]} {[%emt 00:02:07]} Bc5
{[%clk 00:26:23]} {[%emt 00:13:29]} 32. Ra2 {[%clk 00:10:28]} {[%emt 00:00:32]}
Rg7 {[%clk 00:24:43]} {[%emt 00:02:10]} 33. Bc3 {[%clk 00:04:19]} {[%emt
00:06:39]} h5 {[%clk 00:24:16]} {[%emt 00:00:57]} 34. Rfa1 {[%clk 00:03:05]}
{[%emt 00:01:45]} h4 {[%clk 00:20:40]} {[%emt 00:04:06]} 35. Ra8 {[%clk
00:01:30]} {[%emt 00:02:04]} h3+ {[%clk 00:20:32]} {[%emt 00:00:38]} 36. Kf1
{[%clk 00:01:16]} {[%emt 00:00:43]} Rxa8 {[%clk 00:20:57]} {[%emt 00:00:06]}
37. Rxa8+ {[%clk 00:01:42]} {[%emt 00:00:04]} Kh7 {[%clk 00:21:23]} {[%emt
00:00:04]} 38. Rb8 {[%clk 00:01:18]} {[%emt 00:00:54]} g3 {[%clk 00:21:11]}
{[%emt 00:00:43]} 39. fxg3 {[%clk 00:00:59]} {[%emt 00:00:48]} fxg3 {[%clk
00:21:34]} {[%emt 00:00:07]} 40. hxg3 {[%clk 00:01:04]} {[%emt 00:00:25]} Rxg3
{[%clk 00:21:29]} {[%emt 00:00:35]} 41. Rb7+ {[%clk 00:28:43]} {[%emt
00:02:52]} Kg6 {[%clk 00:51:23]} {[%emt 00:00:34]} 42. f4 {[%clk 00:27:40]}
{[%emt 00:01:33]} h2 {[%clk 00:50:27]} {[%emt 00:01:26]} 43. f5+ {[%clk
00:28:05]} {[%emt 00:00:05]} Kh5 {[%clk 00:50:52]} {[%emt 00:00:06]} 44. Be8+
{[%clk 00:27:52]} {[%emt 00:00:43]} Kg4 {[%clk 00:47:44]} {[%emt 00:03:38]} 45.
Rg7+ {[%clk 00:27:48]} {[%emt 00:00:33]} Kf3 {[%clk 00:48:05]} {[%emt
00:00:09]} 0-1

[Event "ODJM A 2025"]
[Site "Willingen GER"]
[Date "2025.06.10"]
[Round "4"]
[White "Pimenov, Danil"]
[Black "Tulchynsky, Mark"]
[Result "1-0"]
[Termination "normal"]
[Board "29"]
[WhiteElo "1945"]
[BlackElo "1810"]
[WhiteClock "00:38:00"]
[BlackClock "00:08:59"]
[PlyCount "111"]
[WhiteFideId "34600248"]
[BlackFideId "34617698"]
[EventCountry "GER"]
[EventRounds "9"]
[EventType "swiss"]
[EventDate "2025.06.07"]

1. e4 {[%clk 01:30:56]} {[%emt 00:00:03]} c6 {[%clk 01:30:50]} {[%emt
00:00:11]} 2. d4 {[%clk 01:31:22]} {[%emt 00:00:04]} d5 {[%clk 01:31:16]}
{[%emt 00:00:03]} 3. exd5 {[%clk 01:31:49]} {[%emt 00:00:03]} cxd5 {[%clk
01:31:45]} {[%emt 00:00:02]} 4. Bd3 {[%clk 01:32:10]} {[%emt 00:00:08]} Nc6
{[%clk 01:32:09]} {[%emt 00:00:06]} 5. c3 {[%clk 01:32:37]} {[%emt 00:00:03]}
Qc7 {[%clk 01:32:32]} {[%emt 00:00:07]} 6. h3 {[%clk 01:33:00]} {[%emt
00:00:07]} g6 {[%clk 01:32:56]} {[%emt 00:00:06]} 7. Nf3 {[%clk 01:33:19]}
{[%emt 00:00:11]} Bf5 {[%clk 01:33:14]} {[%emt 00:00:12]} 8. O-O {[%clk
01:32:45]} {[%emt 00:01:04]} e6 {[%clk 01:33:38]} {[%emt 00:00:06]} 9. Re1
{[%clk 01:32:01]} {[%emt 00:01:13]} Bd6 {[%clk 01:33:33]} {[%emt 00:00:36]} 10.
Na3 {[%clk 01:31:06]} {[%emt 00:01:25]} a6 {[%clk 01:28:34]} {[%emt 00:05:30]}
11. Nc2 {[%clk 01:27:33]} {[%emt 00:04:02]} h6 {[%clk 01:27:04]} {[%emt
00:02:00]} 12. Ne3 {[%clk 01:26:08]} {[%emt 00:01:54]} O-O-O {[%clk 01:23:41]}
{[%emt 00:03:54]} 13. b4 {[%clk 01:23:56]} {[%emt 00:02:41]} Bxd3 {[%clk
00:52:50]} {[%emt 00:31:21]} 14. Qxd3 {[%clk 01:24:20]} {[%emt 00:00:06]} b5
{[%clk 00:53:01]} {[%emt 00:00:19]} 15. a4 {[%clk 01:23:39]} {[%emt 00:01:12]}
Qb7 {[%clk 00:53:08]} {[%emt 00:00:22]} 16. Ng4 {[%clk 01:20:11]} {[%emt
00:03:58]} Kd7 {[%clk 00:48:08]} {[%emt 00:05:31]} 17. Nge5+ {[%clk 01:18:13]}
{[%emt 00:02:28]} Nxe5 {[%clk 00:47:29]} {[%emt 00:01:09]} 18. dxe5 {[%clk
01:18:03]} {[%emt 00:00:39]} Bc7 {[%clk 00:46:18]} {[%emt 00:01:41]} 19. Be3
{[%clk 01:17:31]} {[%emt 00:01:02]} Ne7 {[%emt 00:02:16]} 20. Bc5 {[%clk
00:53:49]} {[%emt 00:24:10]} Nc6 {[%clk 00:43:31]} {[%emt 00:01:34]} 21. axb5
{[%clk 00:43:14]} {[%emt 00:11:05]} Qxb5 {[%clk 00:43:18]} {[%emt 00:00:43]}
22. c4 {[%clk 00:43:12]} {[%emt 00:00:31]} Nxb4 {[%clk 00:37:40]} {[%emt
00:06:08]} 23. Bxb4 {[%clk 00:40:57]} {[%emt 00:02:45]} Qxb4 {[%clk 00:36:52]}
{[%emt 00:01:19]} 24. cxd5 {[%clk 00:41:11]} {[%emt 00:00:15]} exd5 {[%clk
00:34:24]} {[%emt 00:02:58]} 25. Qxd5+ {[%clk 00:41:13]} {[%emt 00:00:28]} Ke7
{[%clk 00:34:45]} {[%emt 00:00:09]} 26. Qc6 {[%clk 00:41:15]} {[%emt 00:00:28]}
Qb6 {[%clk 00:29:44]} {[%emt 00:05:32]} 27. Rxa6 {[%clk 00:41:28]} {[%emt
00:00:17]} Qxc6 {[%clk 00:30:03]} {[%emt 00:00:11]} 28. Rxc6 {[%clk 00:41:53]}
{[%emt 00:00:04]} Ba5 {[%clk 00:29:59]} {[%emt 00:00:35]} 29. Ra1 {[%clk
00:41:34]} {[%emt 00:00:48]} Ra8 {[%clk 00:30:16]} {[%emt 00:00:15]} 30. Nd4
{[%clk 00:40:14]} {[%emt 00:01:49]} Rhd8 {[%clk 00:29:25]} {[%emt 00:01:20]}
31. Rc4 {[%clk 00:39:42]} {[%emt 00:01:02]} Rxd4 {[%clk 00:27:20]} {[%emt
00:02:36]} 32. Rxd4 {[%clk 00:38:20]} {[%emt 00:01:51]} Bc3 {[%clk 00:26:22]}
{[%emt 00:01:29]} 33. Rxa8 {[%clk 00:38:27]} {[%emt 00:00:23]} Bxd4 {[%clk
00:26:48]} {[%emt 00:00:03]} 34. Kf1 {[%clk 00:36:59]} {[%emt 00:01:58]} Bxe5
{[%clk 00:26:39]} {[%emt 00:00:39]} 35. Ra7+ {[%clk 00:36:54]} {[%emt
00:00:34]} Kf8 {[%clk 00:26:57]} {[%emt 00:00:13]} 36. Ke2 {[%clk 00:37:16]}
{[%emt 00:00:09]} Kg7 {[%clk 00:27:07]} {[%emt 00:00:20]} 37. Rb7 {[%clk
00:37:33]} {[%emt 00:00:13]} Kf6 {[%clk 00:26:47]} {[%emt 00:00:49]} 38. Ke3
{[%clk 00:37:47]} {[%emt 00:00:16]} g5 {[%clk 00:22:05]} {[%emt 00:05:13]} 39.
Rb6+ {[%clk 00:37:27]} {[%emt 00:00:50]} Kg7 {[%clk 00:22:29]} {[%emt
00:00:06]} 40. Ke4 {[%clk 00:37:48]} {[%emt 00:00:09]} Bc3 {[%clk 00:19:39]}
{[%emt 00:03:20]} 41. Rc6 {[%clk 00:37:45]} {[%emt 00:00:32]} Bb4 {[%clk
00:18:56]} {[%emt 00:01:13]} 42. Kf5 {[%clk 00:37:43]} {[%emt 00:00:33]} Be1
{[%clk 00:18:28]} {[%emt 00:00:58]} 43. f3 {[%clk 00:38:02]} {[%emt 00:00:11]}
Bg3 {[%clk 00:18:31]} {[%emt 00:00:27]} 44. Kg4 {[%clk 00:37:50]} {[%emt
00:00:41]} Be5 {[%clk 00:18:30]} {[%emt 00:00:32]} 45. Kh5 {[%clk 00:37:08]}
{[%emt 00:01:11]} Bf6 {[%clk 00:08:19]} {[%emt 00:10:42]} 46. Rxf6 {[%clk
00:35:38]} {[%emt 00:01:59]} Kxf6 {[%clk 00:08:43]} {[%emt 00:00:06]} 47. Kxh6
{[%clk 00:36:04]} {[%emt 00:00:04]} Kf5 {[%clk 00:09:10]} {[%emt 00:00:04]} 48.
g3 {[%clk 00:35:39]} {[%emt 00:00:55]} f6 {[%clk 00:07:59]} {[%emt 00:01:40]}
49. Kh5 {[%clk 00:35:57]} {[%emt 00:00:11]} Ke6 {[%clk 00:07:46]} {[%emt
00:00:44]} 50. Kg6 {[%clk 00:36:13]} {[%emt 00:00:13]} Ke5 {[%clk 00:08:11]}
{[%emt 00:00:07]} 51. h4 {[%clk 00:36:27]} {[%emt 00:00:15]} gxh4 {[%clk
00:08:16]} {[%emt 00:00:26]} 52. gxh4 {[%clk 00:36:51]} {[%emt 00:00:05]} f5
{[%clk 00:07:59]} {[%emt 00:00:47]} 53. h5 {[%clk 00:37:09]} {[%emt 00:00:12]}
f4 {[%clk 00:08:15]} {[%emt 00:00:14]} 54. h6 {[%clk 00:37:34]} {[%emt
00:00:05]} Kd4 {[%clk 00:08:34]} {[%emt 00:00:12]} 55. Kg5 {[%clk 00:37:51]}
{[%emt 00:00:12]} Ke3 {[%clk 00:08:59]} {[%emt 00:00:04]} 56. Kg4 {[%clk
00:38:00]} {[%emt 00:00:22]} 1-0

[Event "ODJM A 2025"]
[Site "Willingen GER"]
[Date "2025.06.10"]
[Round "4"]
[White "Andresen, Eric"]
[Black "Nguyen, Ha Thanh"]
[Result "1/2-1/2"]
[Termination "normal"]
[Board "30"]
[WhiteElo "1889"]
[BlackElo "1950"]
[WhiteClock "00:01:18"]
[BlackClock "00:00:36"]
[PlyCount "78"]
[WhiteFideId "34641360"]
[BlackFideId "12942154"]
[EventCountry "GER"]
[EventRounds "9"]
[EventType "swiss"]
[EventDate "2025.06.07"]

1. d4 {[%clk 01:30:57]} {[%emt 00:00:03]} Nf6 {[%clk 01:30:53]} {[%emt
00:00:08]} 2. c4 {[%clk 01:31:22]} {[%emt 00:00:04]} g6 {[%clk 01:31:13]}
{[%emt 00:00:10]} 3. Nf3 {[%clk 01:31:28]} {[%emt 00:00:23]} Bg7 {[%clk
01:31:28]} {[%emt 00:00:15]} 4. g3 {[%clk 01:31:53]} {[%emt 00:00:06]} b6
{[%clk 01:30:59]} {[%emt 00:01:00]} 5. Bg2 {[%clk 01:31:30]} {[%emt 00:00:52]}
Bb7 {[%clk 01:31:18]} {[%emt 00:00:11]} 6. O-O {[%clk 01:31:31]} {[%emt
00:00:28]} O-O {[%clk 01:31:06]} {[%emt 00:00:43]} 7. Re1 {[%clk 01:30:27]}
{[%emt 00:01:33]} d6 {[%clk 01:25:41]} {[%emt 00:05:55]} 8. Nc3 {[%clk
01:26:33]} {[%emt 00:04:24]} Ne4 {[%clk 01:22:16]} {[%emt 00:03:55]} 9. Nxe4
{[%clk 01:05:04]} {[%emt 00:21:59]} Bxe4 {[%clk 01:22:21]} {[%emt 00:00:25]}
10. h4 {[%clk 01:04:30]} {[%emt 00:01:04]} h5 {[%clk 01:08:36]} {[%emt
00:14:16]} 11. Bh3 {[%clk 01:01:55]} {[%emt 00:03:04]} Bb7 {[%clk 01:02:37]}
{[%emt 00:06:29]} 12. e4 {[%clk 00:55:58]} {[%emt 00:06:27]} c5 {[%clk
00:59:09]} {[%emt 00:03:59]} 13. d5 {[%clk 00:46:04]} {[%emt 00:10:23]} Na6
{[%clk 00:44:10]} {[%emt 00:15:29]} 14. e5 {[%clk 00:35:42]} {[%emt 00:10:52]}
Nc7 {[%clk 00:29:40]} {[%emt 00:15:01]} 15. exd6 {[%clk 00:30:05]} {[%emt
00:06:06]} exd6 {[%clk 00:29:56]} {[%emt 00:00:14]} 16. Bg5 {[%clk 00:29:38]}
{[%emt 00:00:56]} Bf6 {[%clk 00:29:50]} {[%emt 00:00:37]} 17. Rc1 {[%clk
00:29:18]} {[%emt 00:00:50]} b5 {[%clk 00:23:49]} {[%emt 00:06:31]} 18. b3
{[%clk 00:29:10]} {[%emt 00:00:38]} bxc4 {[%clk 00:23:55]} {[%emt 00:00:24]}
19. bxc4 {[%clk 00:29:37]} {[%emt 00:00:02]} Ba6 {[%clk 00:23:42]} {[%emt
00:00:44]} 20. Qa4 {[%clk 00:25:40]} {[%emt 00:04:27]} Rb8 {[%clk 00:19:51]}
{[%emt 00:04:22]} 21. a3 {[%clk 00:23:29]} {[%emt 00:02:41]} Rb6 {[%clk
00:14:53]} {[%emt 00:05:27]} 22. Re4 {[%clk 00:21:24]} {[%emt 00:02:35]} Bxg5
{[%clk 00:12:33]} {[%emt 00:02:50]} 23. Nxg5 {[%clk 00:21:52]} {[%emt
00:00:02]} Re8 {[%clk 00:09:07]} {[%emt 00:03:57]} 24. Rce1 {[%clk 00:20:58]}
{[%emt 00:01:23]} Rxe4 {[%clk 00:08:13]} {[%emt 00:01:24]} 25. Rxe4 {[%clk
00:20:02]} {[%emt 00:01:26]} Rb1+ {[%clk 00:04:26]} {[%emt 00:04:17]} 26. Kg2
{[%clk 00:20:26]} {[%emt 00:00:05]} Rc1 {[%clk 00:02:58]} {[%emt 00:01:59]} 27.
Qb3 {[%clk 00:06:53]} {[%emt 00:14:03]} f5 {[%clk 00:01:51]} {[%emt 00:01:38]}
28. Qe3 {[%clk 00:00:41]} {[%emt 00:06:40]} Bxc4 {[%clk 00:00:58]} {[%emt
00:01:24]} 29. Qxc1 {[%clk 00:00:32]} {[%emt 00:00:40]} Bxd5 {[%clk 00:01:24]}
{[%emt 00:00:04]} 30. f3 {[%clk 00:00:47]} {[%emt 00:00:15]} fxe4 {[%clk
00:01:48]} {[%emt 00:00:06]} 31. fxe4 {[%clk 00:01:09]} {[%emt 00:00:08]} Bb3
{[%clk 00:01:09]} {[%emt 00:01:09]} 32. Qe3 {[%clk 00:00:37]} {[%emt 00:01:01]}
c4 {[%clk 00:01:03]} {[%emt 00:00:36]} 33. Qf3 {[%clk 00:00:33]} {[%emt
00:00:34]} Qe7 {[%clk 00:01:05]} {[%emt 00:00:28]} 34. Qc3 {[%clk 00:00:32]}
{[%emt 00:00:31]} Qe5 {[%clk 00:00:46]} {[%emt 00:00:50]} 35. Qb4 {[%clk
00:00:34]} {[%emt 00:00:28]} Qb2+ {[%clk 00:00:34]} {[%emt 00:00:42]} 36. Kg1
{[%clk 00:00:37]} {[%emt 00:00:26]} Qd4+ {[%clk 00:00:54]} {[%emt 00:00:09]}
37. Kg2 {[%clk 00:00:39]} {[%emt 00:00:28]} Qb2+ {[%clk 00:00:42]} {[%emt
00:00:42]} 38. Kg1 {[%clk 00:01:06]} {[%emt 00:00:04]} Qd4+ {[%clk 00:01:08]}
{[%emt 00:00:04]} 39. Kg2 {[%clk 00:01:18]} {[%emt 00:00:17]} Qb2+ {[%clk
00:00:36]} {[%emt 00:01:03]} 1/2-1/2

[Event "ODJM A 2025"]
[Site "Willingen GER"]
[Date "2025.06.10"]
[Round "4"]
[White "Tiedemann, Fin Niklas"]
[Black "Grabowski, Joshua"]
[Result "1-0"]
[Termination "normal"]
[Board "31"]
[WhiteElo "1938"]
[BlackElo "1819"]
[WhiteClock "00:04:25"]
[BlackClock "00:00:37"]
[PlyCount "61"]
[WhiteFideId "12936936"]
[BlackFideId "34678344"]
[EventCountry "GER"]
[EventRounds "9"]
[EventType "swiss"]
[EventDate "2025.06.07"]

1. e4 {[%clk 01:30:57]} {[%emt 00:00:02]} c6 {[%clk 01:30:59]} {[%emt
00:00:02]} 2. d4 {[%clk 01:30:56]} {[%emt 00:00:30]} d5 {[%clk 01:31:25]}
{[%emt 00:00:04]} 3. Nd2 {[%clk 01:26:57]} {[%emt 00:04:28]} dxe4 {[%clk
01:17:51]} {[%emt 00:14:04]} 4. Nxe4 {[%clk 01:27:23]} {[%emt 00:00:04]} Bf5
{[%clk 01:14:25]} {[%emt 00:03:53]} 5. Ng3 {[%clk 01:27:49]} {[%emt 00:00:07]}
Bg6 {[%clk 01:08:20]} {[%emt 00:06:35]} 6. Nf3 {[%clk 01:27:02]} {[%emt
00:01:18]} Nf6 {[%clk 01:04:45]} {[%emt 00:04:05]} 7. Ne5 {[%clk 01:26:42]}
{[%emt 00:00:50]} Nbd7 {[%clk 01:03:08]} {[%emt 00:02:07]} 8. Nxg6 {[%clk
01:27:04]} {[%emt 00:00:08]} hxg6 {[%clk 01:03:19]} {[%emt 00:00:18]} 9. c3
{[%clk 01:21:40]} {[%emt 00:05:55]} e6 {[%clk 01:00:52]} {[%emt 00:02:54]} 10.
Bd3 {[%clk 01:20:31]} {[%emt 00:01:41]} Bd6 {[%clk 01:00:06]} {[%emt 00:01:18]}
11. Bg5 {[%clk 01:17:08]} {[%emt 00:03:51]} Qc7 {[%clk 00:57:00]} {[%emt
00:03:35]} 12. Qf3 {[%clk 01:16:12]} {[%emt 00:01:26]} Nd5 {[%clk 00:48:11]}
{[%emt 00:09:19]} 13. h4 {[%clk 00:56:18]} {[%emt 00:20:25]} Bxg3 {[%clk
00:40:03]} {[%emt 00:08:38]} 14. fxg3 {[%clk 00:56:43]} {[%emt 00:00:06]} c5
{[%clk 00:35:30]} {[%emt 00:05:02]} 15. O-O {[%clk 00:54:12]} {[%emt 00:03:02]}
O-O {[%clk 00:31:54]} {[%emt 00:04:06]} 16. h5 {[%clk 00:51:10]} {[%emt
00:03:31]} gxh5 {[%clk 00:31:05]} {[%emt 00:01:18]} 17. Qxh5 {[%clk 00:51:13]}
{[%emt 00:00:29]} f5 {[%clk 00:31:19]} {[%emt 00:00:16]} 18. Qg6 {[%clk
00:23:17]} {[%emt 00:28:25]} Rae8 {[%clk 00:22:57]} {[%emt 00:08:49]} 19. g4
{[%clk 00:16:30]} {[%emt 00:07:20]} Qg3 {[%clk 00:15:48]} {[%emt 00:07:38]} 20.
Bb5 {[%clk 00:16:55]} {[%emt 00:00:06]} Ne3 {[%clk 00:14:41]} {[%emt 00:01:37]}
21. Bxe3 {[%clk 00:16:22]} {[%emt 00:01:04]} Qxe3+ {[%clk 00:14:54]} {[%emt
00:00:16]} 22. Kh1 {[%clk 00:15:02]} {[%emt 00:01:50]} Re7 {[%clk 00:11:34]}
{[%emt 00:03:50]} 23. Rae1 {[%clk 00:10:56]} {[%emt 00:04:36]} Qh6+ {[%clk
00:03:46]} {[%emt 00:08:18]} 24. Qxh6 {[%clk 00:11:20]} {[%emt 00:00:05]} gxh6
{[%clk 00:04:14]} {[%emt 00:00:03]} 25. gxf5 {[%clk 00:10:42]} {[%emt
00:01:09]} cxd4 {[%clk 00:02:17]} {[%emt 00:02:25]} 26. cxd4 {[%clk 00:10:18]}
{[%emt 00:00:54]} Nb6 {[%clk 00:02:05]} {[%emt 00:00:43]} 27. Rf3 {[%clk
00:09:07]} {[%emt 00:01:41]} Rf6 {[%clk 00:01:10]} {[%emt 00:01:26]} 28. g4
{[%clk 00:04:31]} {[%emt 00:05:05]} Kf7 {[%clk 00:00:43]} {[%emt 00:00:57]} 29.
Rfe3 {[%clk 00:04:25]} {[%emt 00:00:36]} a6 {[%clk 00:00:33]} {[%emt 00:00:41]}
30. Bd3 {[%clk 00:04:05]} {[%emt 00:00:49]} Nc8 {[%clk 00:00:37]} {[%emt
00:00:26]} 31. Bc4 {[%clk 00:04:25]} {[%emt 00:00:10]} 1-0